Studies in Romans. (Record no. 5708)

000 -LEADER
fixed length control field 00545nam a2200181 a 4500
001 - CONTROL NUMBER
control field :::00003450$&:&@@
003 - CONTROL NUMBER IDENTIFIER
control field OkBaRHE
005 - DATE AND TIME OF LATEST TRANSACTION
control field 20000607103305.0
008 - FIXED-LENGTH DATA ELEMENTS--GENERAL INFORMATION
fixed length control field s1930 j 000 0 eng u
040 ## - CATALOGING SOURCE
Transcribing agency
100 1# - MAIN ENTRY--PERSONAL NAME
Personal name Tulga, Chester E.
245 10 - TITLE STATEMENT
Title Studies in Romans.
260 ## - PUBLICATION, DISTRIBUTION, ETC. (IMPRINT)
Place of publication, distribution, etc Cleveland, OH., :
Name of publisher, distributor, etc Union Gospel Press
Date of publication, distribution, etc c1930
300 ## - PHYSICAL DESCRIPTION
Extent 241 p. ;
Dimensions 19 cm.
650 ## - SUBJECT ADDED ENTRY--TOPICAL TERM
Topical term or geographic name as entry element Bible New Testament Romans
General subdivision Study
942 ## - ADDED ENTRY ELEMENTS (KOHA)
Source of classification or shelving scheme
Koha item type Books
Copies
Source of classification or shelving scheme Date acquired Permanent Location Date last seen Lost status Koha item type Barcode Damaged status Copy number Full call number Not for loan Shelving location Withdrawn status Price effective from
 2010-04-14RHEMA Bible Training College2018-03-28 Books3450 1BS 2665 .T796 General Stacks 2010-04-14